[Event "Campo Grande Brasil op"]
[Site "Campo Grande"]
[Date "2015.10.11"]
[Round "4"]
[White "Borges, Silvio"]
[Black "Da Silva, Jorge Ronaldo"]
[Result "1-0"]
[WhiteElo "1613"]
[BlackElo "1800"]
[PlyCount "61"]
[EventDate "2015.10.09"]
[EventType "swiss"]
[EventRounds "7"]
[EventCountry "BRA"]
[SourceTitle "CBM 168 Extra"]
[Source "ChessBase"]
[SourceDate "2015.10.29"]
[SourceVersion "1"]
[SourceVersionDate "2015.10.29"]
[SourceQuality "1"]

1. e4 e6 2. d4 d5 3. Nc3 Bb4 4. e5 c5 5. a3 Ba5 6. Nf3 Nc6 7. Be2 cxd4 8. Nxd4 Nxe5 9. 0-0 Nf6 10. b4 Bc7 11. Ncb5 Bb8 12. a4 Nc6 13. Nxc6 bxc6 14. Nd4 Qd6 15. g3 Qxb4 16. Nxc6 Qc3 17. Ba3 a6 18. Nxb8 Rxb8 19. Qd3 Qc6 20. c4 Bb7 21. cxd5 Nxd5 22. Rfc1 Nc3 23. f3 Nxe2+ 24. Qxe2 Qxf3 25. Qxf3 Bxf3 26. Rc7 Rd8 27. Re7+ Kf8 28. Rxe6+ Kg8 29. Rxa6 Rd1+ 30. Rxd1 Bxd1 31. Ra8# 1-0